Understanding social research / (Record no. 1211)
[ view plain ]
| 000 -LEADER | |
|---|---|
| fixed length control field | 01018cam a2200313 a 4500 |
| 001 - CONTROL NUMBER | |
| control field | 13873485 |
| 003 - CONTROL NUMBER IDENTIFIER | |
| control field | GZU |
| 005 - DATE AND TIME OF LATEST TRANSACTION | |
| control field | 20200930151915.0 |
| 008 - FIXED-LENGTH DATA ELEMENTS--GENERAL INFORMATION | |
| fixed length control field | 050215r19962002sa a b 001 0 eng d |
| 010 ## - LIBRARY OF CONGRESS CONTROL NUMBER | |
| LC control number | 2005352733 |
| 020 ## - INTERNATIONAL STANDARD BOOK NUMBER | |
| International Standard Book Number | 0627021638 |
| 020 ## - INTERNATIONAL STANDARD BOOK NUMBER | |
| International Standard Book Number | 9780627021633 |
| 035 ## - SYSTEM CONTROL NUMBER | |
| System control number | (OCoLC)ocm53797793 |
| 040 ## - CATALOGING SOURCE | |
| Original cataloging agency | CUY |
| Transcribing agency | CUY |
| Modifying agency | DLC |
| 042 ## - AUTHENTICATION CODE | |
| Authentication code | lccopycat |
| 050 00 - LIBRARY OF CONGRESS CALL NUMBER | |
| Classification number | H62 |
| Item number | .MOU 1996 |
| 100 1# - MAIN ENTRY--PERSONAL NAME | |
| Personal name | Mouton, J. |
| Fuller form of name | (Johann) |
| Dates associated with a name | author |
| 245 10 - TITLE STATEMENT | |
| Title | Understanding social research / |
| Statement of responsibility, etc. | Johann Mouton. |
| 250 ## - EDITION STATEMENT | |
| Edition statement | 1st ed., 3rd. impression |
| 260 ## - PUBLICATION, DISTRIBUTION, ETC. | |
| Place of publication, distribution, etc. | Pretoria : |
| Name of publisher, distributor, etc. | Van Schaik Publishers, |
| Date of publication, distribution, etc. | 1996 |
| Date of manufacture | (2002 printing) |
| 300 ## - PHYSICAL DESCRIPTION | |
| Extent | xiii, 272 p. : |
| Other physical details | ill. ; |
| Dimensions | 25 cm. |
| 504 ## - BIBLIOGRAPHY, ETC. NOTE | |
| Bibliography, etc. note | Includes bibliographical references (p. 259-262) and index. |
| 650 #0 - SUBJECT ADDED ENTRY--TOPICAL TERM | |
| Topical term or geographic name entry element | Sociology |
| General subdivision | Research. |
| 650 #0 - SUBJECT ADDED ENTRY--TOPICAL TERM | |
| Topical term or geographic name entry element | Social sciences |
| General subdivision | Research. |
| 650 #0 - SUBJECT ADDED ENTRY--TOPICAL TERM | |
| Topical term or geographic name entry element | Social surveys. |
| 906 ## - LOCAL DATA ELEMENT F, LDF (RLIN) | |
| a | 7 |
| b | cbc |
| c | copycat |
| d | 3 |
| e | ncip |
| f | 20 |
| g | y-gencatlg |
| 942 ## - ADDED ENTRY ELEMENTS (KOHA) | |
| Source of classification or shelving scheme | Library of Congress Classification |
| Koha item type | Books |
| Classification part | 62 |
| Item part | MOU |
| Call number prefix | H |
| Withdrawn status | Lost status | Source of classification or shelving scheme | Damaged status | Not for loan | Collection code | Home library | Current library | Shelving location | Date acquired | Total Checkouts | Full call number | Barcode | Date last seen | Copy number | Price effective from | Koha item type |
|---|---|---|---|---|---|---|---|---|---|---|---|---|---|---|---|---|
| Library of Congress Classification | Non-fiction | City Campus Library | City Campus Library | General Stacks | 10/23/2016 | H62 MOU 1996 | 027589 | 09/30/2020 | c. 1 | 09/30/2020 | Books |